Estudio de cargabilidad del edificio de la municipalidad de Alajuela

Salvato in:
Dettagli Bibliografici
Autore principale: Gómez Valverde, Juan Rafael
Natura: Libro
Pubblicazione: [San José, Costa Rica] 2008
Soggetti:
Tags: Aggiungi Tag
Nessun Tag, puoi essere il primo ad aggiungerne!!

MARC

LEADER 00000nam a2200000Ia 4500
003 001338
005 20221231144050.0
008 140114s2008 cr a 000 ||s d
040 |c cru CEDI  
090 |a TFG 5861 
100 |a Gómez Valverde, Juan Rafael   |9 3847 
245 |a  Estudio de cargabilidad del edificio de la municipalidad de Alajuela  
260 |c 2008  |b [San José, Costa Rica] 
300 |a xi, 75 hojas; ilustraciones a color 
500 |a Proyecto de graduación (bachillerato en ingeniería eléctrica)--Universidad de Costa Rica. Facultad de Ingeniería. Escuela de Ingeniería Eléctrica 
650 |x INSTALACIONES ELECTRICAS - EQUIPO ELECTRICO   |x DISTRIBUCION DE ENERGIA ELECTRICA   |x MUNICIPALIDAD DE ALAJUELA (COSTA RICA)  |9 3848 
942 |c TFG 
999 |c 16375  |d 16375